A history of magic /

Saved in:
Bibliographic Details
Main Author: Cavendish, Richard, 1930-
Format: Book
Language:English
Published: London : Weidenfeld & Nicolson, c1977.
Subjects:
LEADER 00973nam a2200277 a 4500
001 c000110364
003 CARM
005 19811020000000.0
008 770810s1977 enkaf b 001 0 eng
015 |a GB*** 
019 1 |a 1010999  |z 27532944  |5 LACONCORD2021 
020 |a 029777252X :  |c L.4.95 
035 |a (OCoLC)3224227  |5 LACONCORD2021 
040 |a LC  |b eng  |c LC  |d APLS 
050 0 0 |a BF1589  |b .C37 
082 0 4 |a 133.4/09 
100 1 |a Cavendish, Richard,  |d 1930- 
245 1 2 |a A history of magic /  |c Richard Cavendish. 
260 |a London :  |b Weidenfeld & Nicolson,  |c c1977. 
300 |a 180 p., [8] leaves of plates :  |b ill. ;  |c 26 cm. 
500 |a Includes index. 
504 |a Bibliography: p. 168-172. 
650 0 |a Magic  |x History. 
852 8 |b CARM  |h A2:AH31E0  |i C04073  |p 0108311  |f BK 
999 f f |i c3d52106-b7d8-5a95-888e-b58506798548  |s dc071b48-80df-55c0-9335-49f9bbf610d7 
952 f f |p Can circulate  |a CAVAL  |b CAVAL  |c CAVAL  |d CARM 1 Store  |e C04073  |f A2:AH31E0  |h Other scheme  |i book  |m 0108311